00548nam a2200193 a 4500001001300000003000900013005001700022008004100039020002300080082002000103100001500123245007100138260004300209300000900252500003500261505001000296650003300306700001500339nice12345678IN_TiNIC20260116014421.0050524s1990 cama grp 000 0 eng  a0946621 c94600a305.608097bEAT aEaton, Gai aKing of the Castleb Choice and Responsibility in the Modern World aCambridgebIslamic Texts Societyc1990 a216p aincludes index and biblioraphy2 aIndex aIslam-Relations Christianity1 aEaton, Gai